| 000 | 00478nam a22001817a 4500 | ||
|---|---|---|---|
| 003 | OSt | ||
| 005 | 20130514190950.0 | ||
| 008 | 130514s2000 sp ||||| |||| 00| 0 spa d | ||
| 020 | _a8449309379 | ||
| 040 | _cCDMR | ||
| 100 | 1 |
_93426 _aHartley, John |
|
| 245 | 1 | 4 |
_aLos usos de la televisión _cJohn Hartley |
| 260 |
_aBarcelona _bPaidós _cDL 2000 |
||
| 300 | _a325 p. | ||
| 490 |
_aPaidós comunicación _v120 |
||
| 650 | 0 | 4 |
_91190 _aTelevisió _xAspectes socials |
| 942 |
_2udc _cMON |
||
| 999 |
_c6243 _d6243 |
||